TEXTBOOK OF PHARMACEUTICAL DOSAGE FORM (Record no. 7478)

MARC details
000 -LEADER
fixed length control field 00464nam a22001697a 4500
005 - DATE AND TIME OF LATEST TRANSACTION
control field 20230118122209.0
008 - FIXED-LENGTH DATA ELEMENTS--GENERAL INFORMATION
fixed length control field 210227b ||||| |||| 00| 0 eng d
020 ## - INTERNATIONAL STANDARD BOOK NUMBER
ISBN 9789384875343
041 ## - LANGUAGE CODE
Language code of text/sound track or separate title eng
082 ## - DEWEY DECIMAL CLASSIFICATION NUMBER
Classification number 615.4 SAR-T
100 ## - MAIN ENTRY--AUTHOR NAME
Personal name SARANGI ,DEEPAK AND MEKAP SUMAN KUMAR
245 ## - TITLE STATEMENT
Title TEXTBOOK OF PHARMACEUTICAL DOSAGE FORM
260 ## - PUBLICATION, DISTRIBUTION, ETC. (IMPRINT)
Place of publication MODINAGAR
Name of publisher UNNATI PUBLICATION
Year of publication 2020
300 ## - PHYSICAL DESCRIPTION
Number of Pages 198 P.
650 ## - SUBJECT ADDED ENTRY--TOPICAL TERM
Topical Term PHARMACY
General subdivision D.PHARMA
942 ## - ADDED ENTRY ELEMENTS (KOHA)
Koha item type Books
Holdings
Lost status Damaged status Collection code Home library Current library Shelving location Date acquired Source of acquisition Cost, normal purchase price Full call number Accession Number Koha item type
    Reference JRU Library JRU Library SHELF-3-A 27/02/2021 UNNATI PUBLICATION 267.00 615.4 SAR-T 25610 Books
    PHARMACY JRU Library JRU Library SHELF-19-F 27/02/2021 UNNATI PUBLICATION 267.00 615.4 SAR-T 25611 Books
    PHARMACY JRU Library JRU Library SHELF-19-F 27/02/2021 UNNATI PUBLICATION 267.00 615.4 SAR-T 25612 Books
    PHARMACY JRU Library JRU Library SHELF-19-F 27/02/2021 UNNATI PUBLICATION 267.00 615.4 SAR-T 25613 Books
    PHARMACY JRU Library JRU Library SHELF-19-F 27/02/2021 UNNATI PUBLICATION 267.00 615.4 SAR-T 25614 Books